god knows i tried - lana del rey lyrics quiz - Statistics

General Stats
  • This quiz has been taken 279 times
  • The average score is 205 of 254
Answer Stats
Lyrics % Correct
I
99%
God
97%
knows
97%
tried
97%
me
88%
live
84%
so
84%
So
84%
the
84%
and
83%
And
83%
in
82%
to
82%
be
80%
on
79%
On
79%
up
78%
my
77%
I'm
76%
morning
75%
wake
75%
it
74%
blue
73%
California
73%
yellow
73%
died
72%
Sometimes
72%
that
72%
like
71%
But
69%
Hotel
69%
life
69%
no
69%
skies
69%
when
69%
It's
67%
red,
67%
by
65%
begged
64%
Begged,
64%
crazy
64%
they
64%
name
63%
sunrise
63%
cried
62%
drink
62%
light
62%
Light
62%
Monday
62%
tequila
62%
for
61%
lied
61%
nobody
61%
Friday
60%
gave
60%
let
60%
Let
60%
one
60%
borrowed
59%
feel
59%
I've
59%
Put
59%
could
58%
loved
58%
there
58%
got
57%
see
57%
revived
54%
free
53%
Ever
52%
nothing
52%
around
51%
dance
50%
insane
50%
rain
48%
since
48%
destroyed
47%
much
47%
found
46%
fame
45%
lost
42%
lights
38%
Wear
37%
blinders
31%
No matching quizzes found
Score Distribution
Percent of People with Each Score
Percentile by Number Answered
Your Score History
You have not taken this quiz